Si le das un panqueque a una cerdita / (Record no. 23870)

MARC details
000 -LEADER
fixed length control field 02009pam a2200529 a 4500
001 - CONTROL NUMBER
control field sjds1105284
003 - CONTROL NUMBER IDENTIFIER
control field sjds
005 - DATE AND TIME OF LATEST TRANSACTION
control field 20200214145843.0
008 - FIXED-LENGTH DATA ELEMENTS--GENERAL INFORMATION
fixed length control field 980827t19991999nyua b 000 1 spa
010 ## - LIBRARY OF CONGRESS CONTROL NUMBER
LC control number 98041511
020 ## - INTERNATIONAL STANDARD BOOK NUMBER
International Standard Book Number 0060283165
020 ## - INTERNATIONAL STANDARD BOOK NUMBER
International Standard Book Number 9780060283162
020 ## - INTERNATIONAL STANDARD BOOK NUMBER
International Standard Book Number 0060283165 ;
Terms of availability 16.99
035 ## - SYSTEM CONTROL NUMBER
System control number 160165
035 ## - SYSTEM CONTROL NUMBER
System control number (OCoLC)39838638
035 ## - SYSTEM CONTROL NUMBER
System control number 160165
040 ## - CATALOGING SOURCE
Original cataloging agency DLC
Transcribing agency DLC
Modifying agency DLC
-- UtOrBLW
041 1# - LANGUAGE CODE
Language code of text/sound track or separate title spa
Language code of original eng
049 ## - LOCAL HOLDINGS (OCLC)
Holding library IFAB
099 ## - LOCAL FREE-TEXT CALL NUMBER (OCLC)
Filing suffix 1999
100 1# - MAIN ENTRY--PERSONAL NAME
Personal name Numeroff, Laura Joffe,
Relator term author.
240 10 - UNIFORM TITLE
Uniform title <a href="If you give a pig a pancake.">If you give a pig a pancake.</a>
Language of a work Spanish
245 10 - TITLE STATEMENT
Title Si le das un panqueque a una cerdita /
Statement of responsibility, etc. por Laura Numeroff ; ilustrado por Felicia Bond ; traducido por Teresa Mlawer.
250 ## - EDITION STATEMENT
Edition statement First Spanish edition.
260 ## - PUBLICATION, DISTRIBUTION, ETC. (IMPRINT)
Place of publication, distribution, etc. [New York] :
Name of publisher, distributor, etc. Harper Arco Iris,
Date of publication, distribution, etc. c1999
264 #1 - PRODUCTION, PUBLICATION, DISTRIBUTION, MANUFACTURE, AND COPYRIGHT NOTICE
Place of production, publication, distribution, manufacture [New York] :
Name of producer, publisher, distributor, manufacturer Harper Arco Iris,
Date of production, publication, distribution, manufacture, or copyright notice [1999]
264 #4 - PRODUCTION, PUBLICATION, DISTRIBUTION, MANUFACTURE, AND COPYRIGHT NOTICE
Date of production, publication, distribution, manufacture, or copyright notice c1999
300 ## - PHYSICAL DESCRIPTION
Extent 1 volume (unpaged) :
Other physical details color illustrations ;
Dimensions 24 cm
336 ## - CONTENT TYPE
Content type term text
Content type code txt
Source rdacontent
337 ## - MEDIA TYPE
Media type term unmediated
Media type code n
Source rdamedia
338 ## - CARRIER TYPE
Carrier type term volume
Carrier type code nc
Source rdacarrier
500 ## - GENERAL NOTE
General note Translation of: If you give a pig a pancake.
500 ## - GENERAL NOTE
General note "A Laura Geringer book."
520 ## - SUMMARY, ETC.
Summary, etc. "Si le das un panqueque a una cerdita, te pedirá que le des un poco de almíbar para endulzarlo. Se pondrá tan pegajosa, que querrá bañarse. Te pedirá jabón de burbujas, y una vez que se lo des..."--Book jacket.
520 ## - SUMMARY, ETC.
Summary, etc. One thing leads to another when you give a pig a pancake.
526 0# - STUDY PROGRAM INFORMATION NOTE
Program name Accelerated Reader
Interest level LG
Reading level 2.5
Title point value 0.5
Public note 29210SP
546 ## - LANGUAGE NOTE
Language note Text in Spanish.
650 #0 - SUBJECT ADDED ENTRY--TOPICAL TERM
Topical term or geographic name as entry element Swine
Form subdivision Juvenile fiction.
650 #0 - SUBJECT ADDED ENTRY--TOPICAL TERM
Topical term or geographic name as entry element Pancakes, waffles, etc.
Form subdivision Juvenile fiction.
650 #0 - SUBJECT ADDED ENTRY--TOPICAL TERM
Topical term or geographic name as entry element Humorous stories
Form subdivision Juvenile literature.
650 #7 - SUBJECT ADDED ENTRY--TOPICAL TERM
Topical term or geographic name as entry element Cerdos
Form subdivision Novela juvenil.
Source of heading or term bidex
650 #7 - SUBJECT ADDED ENTRY--TOPICAL TERM
Topical term or geographic name as entry element Panqueques, wafles, etc.
Form subdivision Novela juvenil.
Source of heading or term bidex
650 #7 - SUBJECT ADDED ENTRY--TOPICAL TERM
Topical term or geographic name as entry element Cuentos humorosos
Form subdivision Literatura juvenil.
Source of heading or term bidex
700 1# - ADDED ENTRY--PERSONAL NAME
Personal name Bond, Felicia,
Relator term illustrator.
700 1# - ADDED ENTRY--PERSONAL NAME
Personal name Mlawer, Teresa.
942 ## - ADDED ENTRY ELEMENTS (KOHA)
Koha item type Libro/Book
Source of classification or shelving scheme Dewey Decimal Classification
Holdings
Withdrawn status Lost status Damaged status Not for loan Home library Current library Date acquired Total Checkouts Barcode Date last seen Date checked out Price effective from Koha item type
        La Puerta Biblioteca -- Satellite La Puerta Biblioteca -- Satellite 09/04/2018 19 40301763 26/10/2023 05/10/2023 09/04/2018 Libro/Book

Powered by Koha